Can You Name The Countries Apart From Italy That ..... - Statistics

General Stats
  • This quiz has been taken 234 times
    188 since last reset
  • The average score is 21 of 30
Answer Stats
Answer % Correct
Are In (Or Partly In) Alps Germany
99%
Ends In Y Germany
99%
Population 45+Million In Europe Germany
99%
Are In (Or Partly In) Alps France
96%
Population 45+Million In Europe France
96%
Are In (Or Partly In) Alps Austria
94%
Are In (Or Partly In) Alps Switzerland
93%
Population 45+Million In Europe Spain
91%
Population 45+Million In Europe UK
89%
Population 45+Million In Europe Russia
84%
Begin With I India
83%
Are In (Or Partly In) Alps Slovenia
82%
Begin With I Ireland
81%
Begin With I Iceland
79%
Capital That Begins With R Iceland
79%
Begin With I Indonesia
79%
Are In (Or Partly In) Alps Liechtenstein
78%
Begin With I Iran
74%
Begin With I Iraq
73%
Begin With I Israel
58%
Ends In Y Hungary
54%
Ends In Y Turkey
45%
Ends In Y Norway
44%
Ends In Y Paraguay
44%
Ends In Y Uruguay
43%
Capital That Begins With R Latvia
42%
Capital That Begins With R Saudi Arabia
37%
Capital That Begins With R Morocco
34%
Capital That Begins With R Dominica
17%
Ends In Y Vatican City
17%
No matching quizzes found
Score Distribution
Percent of People with Each Score
Percentile by Number Answered
Your Score History
You have not taken this quiz since the last reset